Statistics for Modern Family Characters

Click here to take the quiz!

General Stats

  • This quiz has been taken 198 times
  • The average score is 13 of 16

Answer Stats

Answer% Correct
Cam
98%
Jay
98%
Phil
98%
Alex
97%
Claire
97%
Gloria
97%
Lily
96%
Luke
96%
Manny
96%
Mitchell
96%
Joe
91%
Haley
90%
Dylan
84%
Poppy
48%
George
45%
Rexford
22%

Score Distribution

Percentile by Number Answered

Percent of People with Each Score

Your Score History

You have not taken this quiz